LEADER 01634nas 2200469-a 450 001 996207460803316 005 20240413021417.0 035 $a(DE-599)ZDB2166989-2 035 $a(CKB)958480289360 035 $a(CONSER)---83644492- 035 $a(EXLCZ)99958480289360 100 $a19830512b19821999 --- a 101 0 $aeng 181 $ctxt$2rdacontent 182 $cc$2rdamedia 183 $acr$2rdacarrier 200 00$aOffice systems research journal 210 $a[Cleveland, OH] $cOffice Systems Research Association$d[©1982-©1999] 215 $a1 online resource 300 $aTitle from cover. 300 $a"The journal of the Office Systems Research Association." 300 $aPlace of publication varies. 311 08$aPrint version: Office systems research journal. 0737-8998 (DLC) 83644492 (OCoLC)9503789 517 1 $aOSRJ 531 0 $aOff. sys. res. j. 606 $aOffice practice$xAutomation$vPeriodicals 606 $aBusiness$xData processing$vPeriodicals 606 $aBusiness$xData processing$2fast$3(OCoLC)fst00842293 606 $aOffice practice$xAutomation$2fast$3(OCoLC)fst01044186 608 $aPeriodicals.$2fast 608 $aPeriodicals.$2lcgft 615 0$aOffice practice$xAutomation 615 0$aBusiness$xData processing 615 7$aBusiness$xData processing. 615 7$aOffice practice$xAutomation. 676 $a651.8/4/05 712 02$aOffice Systems Research Association (Morehead, Ky.) 906 $aJOURNAL 912 $a996207460803316 920 $aexl_impl conversion 996 $aOffice systems research journal$92195881 997 $aUNISA LEADER 03055nam 22005173 450 001 9910583005003321 005 20240506051008.0 010 $a0-12-811244-1 035 $a(CKB)3800000000216820 035 $a(FRCYB88849255)88849255 035 $a(FR-PaCSA)88849255 035 $a(MiAaPQ)EBC5051430 035 $a(BIP)57652164 035 $a(EXLCZ)993800000000216820 100 $a20210428d2017 uy 0 101 0 $aeng 135 $aurcnu|||||||| 181 $2rdacontent 181 $2rdacontent 182 $2rdamedia 183 $2rdacarrier 200 10$aConstruction Delays $eUnderstanding Them Clearly, Analyzing Them Correctly 205 $a3rd ed. 210 1$aSaint Louis :$cElsevier Science & Technology,$d2017. 210 4$d©2018. 215 $a1 online resource (420 pages) 300 $aPrevious edition: 2009. 320 $aIncludes index 327 $a1. Project Scheduling2. Float and the Critical Path3. Schedule Reviews4. Types of Construction Delays5. Measuring Delays - The Basics6. Delay Analysis Using Bar Chart Schedules7. Delay Analysis Using CPM Schedules8. Delay Analysis Using No Schedules9. Other Forensic Schedule Analysis Techniques - Their Strengths and Weaknesses10. The Owner's Damages Due to Delay11. The Contractor's Damages Due to Delay12. Home Office Overhead13. Other Categories of Delay Damages14. Inefficiency Caused by Delay15. Acceleration16. Determining Responsibility for Delay17. Risk Management18. Delays and the Contract 330 $aConstruction Delays, Third Edition, provides the latest specialized tools and techniques needed to avoid delays on construction projects. These include institutional, industrial, commercial, hi-rise, power and water, transportation and marine construction projects. Most other references provide only post facto construction delay analysis. This update includes 18 chapters, 105 sections and approximately 100 new pages relative to the second edition. Features greatly expanded discussion of the project management concerns related to construction delays, including a more comprehensive discussion of the development and review of the project schedule Offers a detailed analysis of the strengths and weaknesses of the most common construction delay approaches and how they should be properly deployed or avoided Includes significant discussion of the contract provisions governing scheduling, the measurement of delays and payments for delay Includes numerous real world case studies 606 $aProduction scheduling 606 $aConstruction industry$xManagement 615 0$aProduction scheduling. 615 0$aConstruction industry$xManagement. 676 $a624.06799999999998 700 $aNagata$b Mark F$0947641 701 $aManginelli$b William A$01739629 701 $aLowe$b Scott$0850328 701 $aTrauner$b Ted J., Jr$01739630 801 0$bMiAaPQ 801 1$bMiAaPQ 801 2$bMiAaPQ 906 $aBOOK 912 $a9910583005003321 996 $aConstruction Delays$94163767 997 $aUNINA